| 000 | 00000nam 2200000zi 4500 |
| 001 | 9.932864 |
| 003 | CaOODSP |
| 005 | 20250722151713 |
| 006 | m o d f |
| 007 | cr cn||||||||| |
| 008 | 240124t20242023oncd obs f000 0 eng d |
| 020 | |a9780660697543 |
| 040 | |aCaOODSP|beng|erda|cCaOODSP |
| 043 | |an-cn--- |
| 086 | 1 |aT94-59/2024E-PDF |
| 245 | 04|aThe national shelter study : |bemergency shelter use in Canada 2005 to 2021. |
| 246 | 10|aEmergency shelter use in Canada 2005 to 2021 |
| 264 | 1|aOttawa, Ontario : |b[Housing, Infrastructure and Communities Canada = Logement, infrastructures et collectivités Canada], |c[2024] |
| 264 | 4|c©2023 |
| 300 | |a1 online resource (33 unnumbered pages) : |bgraphs |
| 336 | |atext|btxt|2rdacontent |
| 337 | |acomputer|bc|2rdamedia |
| 338 | |aonline resource|bcr|2rdacarrier |
| 500 | |aCover title. |
| 500 | |aIssued also in French under title: Étude nationale sur les refuges : utilisation des refuges d’urgence au Canada de 2005 à 2021. |
| 504 | |aIncludes bibliographical references. |
| 520 | |a"The National Shelter Study is an ongoing analysis of emergency shelter trends in Canada. This is the sixth edition of the National Shelter Study. It extends the timeframe of the analysis from 2005 to 2021 and describes trends in shelter use, shelter capacity and shelter users. Particular attention is paid to 2020 and 2021 and changes associated with the COVID-19 pandemic. The National Shelter Study is the most comprehensive national-level study of homelessness in Canada and is important for understanding trends over time. While emergency shelter use is a strong indicator for homelessness, it is important to note this report does not include experiences of homelessness that take place outside of the emergency shelter system"--Executive summary, page [3]. |
| 650 | 0|aShelters for the homeless|zCanada|vStatistics. |
| 650 | 0|aHomeless persons|zCanada|vStatistics. |
| 655 | 7|aStatistics|2lcgft |
| 710 | 1 |aCanada. |bInfrastructure Canada, |eissuing body. |
| 710 | 1 |aCanada. |bHousing, Infrastructure and Communities Canada, |eissuing body. |
| 775 | 08|tÉtude nationale sur les refuges : |w(CaOODSP)9.932865 |
| 795 | |tThe national shelter study : |b2021|w(CaOODSP)9.884203 |
| 856 | 40|qPDF|s523 KB|uhttps://publications.gc.ca/collections/collection_2024/licc-hicc/T94-59-2024-eng.pdf |
| 856 | 4 |qHTML|sN/A|uhttps://housing-infrastructure.canada.ca/homelessness-sans-abri/reports-rapports/shelter-study-national-etude-refuge-2005-2021-eng.html |